| 000 | 00681cab a22002055a 4500 | ||
|---|---|---|---|
| 001 | L151821 | ||
| 008 | 101213e20101210xxkd f s 000 0 eng d | ||
| 035 | _a(Sirsi) u151821 | ||
| 041 | 0 | _aeng | |
| 110 | 2 |
_aExperian Business Strategies _94789 |
|
| 245 | 0 | 4 |
_aThe tracker _blate harvest |
| 260 | _c2010 | ||
| 490 |
_aBuilding _v275 (8658) 10 December 2010, 48-49(2) |
||
| 520 | _aEconomic summary of the state of play, leading construction acvitity indicator, labour costs, and regional perspective in the UK. | ||
| 590 | _aKA | ||
| 650 | 2 | 4 | _aEXPERIAN CONSTRUCTION INDUSTRY FOCUS |
| 651 | 4 |
_aUnited Kingdom _y |
|
| 690 | _aBUILT ENVIRONMENT-CONSTRUCTION MARKET | ||
| 942 | _n0 | ||
| 999 |
_c82861 _d82861 |
||